000 00310nam a22001337a 4500
008 170330b xxu||||| |||| 00| 0 eng d
020 _a9780801895562
041 _aeng
080 _a616-053.2
100 _a8
101 _aSHM
245 _aYOUR CHILD INFLAMMATORY BOWEL DISEASE
_cHEMKER.M.O
942 _2udc
_cBK
999 _c9146
_d9146